000 00204 a2200097 4500
001 23675
100 _aLanee, A.L
245 _aMicrowave experiments
260 _a
_bMcGraw-Hill
_c
090 _c16053
_d16053
942 _aNUST-CAE
_cM
_c6729
999 _c258748
_d258748